| 000 | 00625nam a22002057a 4500 | ||
|---|---|---|---|
| 005 | 20131003111236.0 | ||
| 010 | _aENG-108561 | ||
| 020 |
_a9788120346789 _c325.00 |
||
| 035 | _aEN-92094 | ||
| 037 | _bDBAD/PUB | ||
| 082 | _a621.381952 | ||
| 100 | _aDeb, Kalyanmoy | ||
| 245 |
_aOptimization for engineering design : _cby Kalyanmoy Deb _balgorithms and examples / |
||
| 250 | _a2nd ed | ||
| 260 |
_aNew Delhi _bPHI Learning _c2012 |
||
| 270 |
_aM-97, Connaught Circus _bDelhi _e110001 |
||
| 300 |
_axviii, 421p. : _c24cm (pbk) _bill. |
||
| 500 | _aIncludes Index | ||
| 942 |
_2ddc _cEN _mDEB _h621.381952 |
||
| 999 |
_c79504 _d79504 |
||